African Cities- Tile Select - Statistics

General Stats
  • This quiz has been taken 34 times
    29 since last reset
  • The average score is 62 of 80
Answer Stats
Question Tile Select % Correct
that directly border the Mediterranean Sea Accra No
100%
that is a capital Alexandria No
100%
that directly border the Mediterranean Sea Douala No
100%
that directly border the Mediterranean Sea Luanda No
100%
that is a capital Lubumbashi No
100%
that directly border the Mediterranean Sea N'Djamena No
100%
that is a capital Port Sudan No
100%
that is a capital Sfax No
100%
that have over 4 Million People Cairo Yes
96%
that is a capital Kano No
96%
that is a capital Mombasa No
93%
that have over 4 Million People Port Said No
93%
that have over 4 Million People Tangier No
93%
that is a capital Accra Yes
89%
that is a capital Addis Ababa Yes
89%
that directly border the Mediterranean Sea Alexandria Yes
89%
that have over 4 Million People Antananarivo No
89%
that is the second biggest city in the country Kigali No
89%
that have over 4 Million People Lagos Yes
89%
that is a capital Lagos No
89%
that directly border the Mediterranean Sea Luxor No
89%
that is the second biggest city in the country Monrovia No
89%
that have over 4 Million People Nairobi Yes
89%
that have over 4 Million People Niamey No
89%
that is the second biggest city in the country Niamey No
89%
that directly border the Mediterranean Sea Tripoli Yes
89%
that is a capital Tunis Yes
89%
that directly border the Mediterranean Sea Tunis Yes
89%
that directly border the Mediterranean Sea Aswan No
86%
that is the second biggest city in the country Bangui No
86%
that is the second biggest city in the country Dakar No
86%
that have over 4 Million People Maputo No
86%
that is the second biggest city in the country Nairobi No
86%
that directly border the Mediterranean Sea Algiers Yes
82%
that is a capital Bamako Yes
82%
that is a capital Johannesburg No
82%
that is the second biggest city in the country Kampala No
82%
that have over 4 Million People Khartoum Yes
82%
that is a capital Luanda Yes
82%
that have over 4 Million People Lusaka No
82%
that directly border the Mediterranean Sea Marrakesh No
82%
that are located in Sub-Saharan Africa Nouakchott No
82%
that is a capital Ouagadougou Yes
82%
that are located in Sub-Saharan Africa Rabat No
82%
that are located in Sub-Saharan Africa Tripoli No
82%
that are located in Sub-Saharan Africa Tunis No
82%
that have over 4 Million People Alexandria Yes
79%
that have over 4 Million People Cape Town Yes
79%
that have over 4 Million People Tunis No
79%
that is a capital Yaounde Yes
79%
that is the second biggest city in the country Alexandria Yes
75%
that have over 4 Million People Mogadishu No
75%
that is a capital N'Djamena Yes
75%
that are located in Sub-Saharan Africa Timbuktu No
75%
that are located in Sub-Saharan Africa Abuja Yes
71%
that are located in Sub-Saharan Africa Freetown Yes
71%
that directly border the Mediterranean Sea Benghazi Yes
68%
that are located in Sub-Saharan Africa Bloemfontein Yes
68%
that are located in Sub-Saharan Africa Brazzaville Yes
68%
that is the second biggest city in the country Cape Town Yes
68%
that directly border the Mediterranean Sea Casablanca No
68%
that are located in Sub-Saharan Africa Dar es Salaam Yes
68%
that are located in Sub-Saharan Africa Asmara No
64%
that are located in Sub-Saharan Africa Ibadan Yes
64%
that directly border the Mediterranean Sea Oran Yes
64%
that have over 4 Million People Dakar No
57%
that are located in Sub-Saharan Africa Djibouti No
57%
that are located in Sub-Saharan Africa Lome Yes
57%
that is the second biggest city in the country Fez Yes
54%
that is the second biggest city in the country Lubumbashi Yes
54%
that directly border the Mediterranean Sea Port Said Yes
54%
that is the second biggest city in the country Dodoma No
50%
that is the second biggest city in the country Kumasi Yes
50%
that is the second biggest city in the country Oran Yes
50%
that is the second biggest city in the country Kano Yes
46%
that are located in Sub-Saharan Africa Port Harcourt Yes
46%
that directly border the Mediterranean Sea Suez No
46%
that are located in Sub-Saharan Africa Bamako Yes
43%
that is the second biggest city in the country Blantyre Yes
39%
that have over 4 Million People Luanda No
36%
No matching quizzes found
Score Distribution
Percent of People with Each Score
Percentile by Number Answered
Your Score History
You have not taken this quiz since the last reset